Uusi Päivä-visa - Statistics

Yleistilastot
  • Tätä visaa on pelattu 152 kertaa
  • Keskiarvotulos 11 / 15
Vastaustilastot
Hint Vastaus % Oikein
Vilman ja Janin lapsen nimi Väinö Haavisto
91%
Virtauksessa sijaitsevan aurinkopaneelitehtaan nimi Suner
90%
Kenen poika Roni on? Tero Kuusla
88%
Kuka hahmo kuoli jäätyään auton alle? Ensio Haavisto
87%
Kristan 1. yrityksen nimi Mageeta
86%
Voimalassa sijaitsevan kahvilan 1. nimi Suvanto
77%
Asko Haaviston tyttöystävä (ei Minna) Lotta Sund
76%
Laurin ja Elinan yrityksen nimi Elater
71%
Kuka hahmo lähti Apulannan kiertueelle? Kukko Koistinen
70%
Oskun ja Marian punk-bändin nimi H.I.V
63%
Kahvilan työntekijän nimi Seija
61%
Kuka laulaa kappaleen "Reunalla" Diandra
56%
Tomi Karhun äidin nimi? Jaana Jokela
56%
Kohu-lehden toimittaja Jari Oja
54%
Mihin Mirja Mäkimaa lähti töihin 4. kaudella? Sri Lanka
35%
Ehtoja vastaavia visoja ei löytynyt
Tulosjakauma
Jokaisen tuloksen saaneiden osuus
Persentiili vastausten määrän mukaan
Tuloshistoriasi
Et ole pelannut tätä visaa